| 000 | 00439nam a2200145Ia 4500 | ||
|---|---|---|---|
| 008 | 200619s9999 xx 000 0 und d | ||
| 020 | _a9781416531661 | ||
| 082 | _aPRI | ||
| 100 | _aPrince ClivePicknett Lynn | ||
| 245 | 4 | _aThe Masks of Christ : Behind the Lies and Cover- ups about the life of Jesus | |
| 264 |
_aNew York _bTouch Stone _c2008 |
||
| 300 | _a445 | ||
| 942 | _cIR | ||
| 999 |
_c120137 _d120137 |
||